000 00414cam a22001337a 4500
008 180718b1967 xxu||||| |||| 00| 0 eng d
082 _aT471x54 C349
100 _aChakravarti, Ila
245 _aInvestment criteria in relation to agricultural development in India
_cby Ila Chakravarti
260 _aBhagalpur
_bThe Author
_c1967
300 _a196p.
650 _aAgriculture - India
650 _aInvestments - India
999 _c362067
_d362067